000 00225 a2200097 4500
001 30498
100 _aPenn, D
245 _aTest for understanding of English
260 _aLondon
_bMacmillan and Co
_c
090 _c20432
_d20432
942 _aNUST-CAE
_cM
_c11595
999 _c265571
_d265571